|
|
|
|
| LEADER |
00000nab a2200000 a 4500 |
| 001 |
vtls000276965 |
| 003 |
SK-MaSNL |
| 005 |
20260304194653.0 |
| 008 |
250422c1987 xo 0 slo |
| 015 |
|
|
|a SNBRB19rr/mm-uuuuu
|
| 035 |
|
|
|a CL0287083
|
| 035 |
|
|
|a urn:nbn:sk:snk-ab2mqy
|
| 035 |
|
|
|a (urnnbn)urn:nbn:sk:snk:ar-a02ngb
|
| 035 |
|
|
|a (uuid)4cb292c4-9008-4789-8ad5-c9e908c5bff3
|
| 040 |
|
|
|a SNKBUCL
|b slo
|c SNKBUCL
|e AACR2
|
| 041 |
0 |
|
|a slo
|
| 044 |
|
|
|a xo
|c SK
|
| 080 |
|
|
|a 069.6.02(1-4):069.01+001.8
|2 1981
|
| 080 |
|
|
|a 069.01
|2 1981
|
| 080 |
|
|
|a 001.8
|2 1981
|
| 080 |
|
|
|a 902
|2 1981
|
| 100 |
1 |
|
|a -eb-
|4 aut
|9 928259
|
| 245 |
1 |
0 |
|a Výstava "Archeologické výskumy Slovenského národného múzea v Bratislave (1961-1985)
|c -eb-
|
| 300 |
|
|
|b Obr. 2.
|
| 610 |
2 |
7 |
|a Slovenské národné múzeum
|2 snkbucl
|9 32460
|
| 655 |
|
7 |
|a články z novín a časopisov
|2 snkbucl
|9 267496
|
| 773 |
0 |
|
|t Múzeum
|g Roč. 32, č. 1 (1987), s. 52-54
|
| 850 |
|
|
|a Slovenská národná knižnica
|
| 852 |
|
|
|a Slovenská národná knižnica
|
| 954 |
|
|
|a odborná, vedecká literatúra pôvodná (slovenská)
|2 lita
|
| 957 |
|
|
|a 5100
|
| 958 |
|
|
|a article27
|
| 958 |
|
|
|a OND
|
| 958 |
|
|
|a EUIPO
|
| 992 |
|
|
|a RBX
|
| 999 |
|
|
|c 3075913
|d 3077843
|